000 01256nam a2200313Ia 4500
001 ebr10310657
003 CaPaEBR
006 m u
007 cr cn|||||||||
008 081121s2008 enkab sb 001 0 eng d
020 _z9781848550209
040 _aCaPaEBR
_cCaPaEBR
035 _a(OCoLC)503447616
050 1 4 _aP291
_b.M53 2008eb
082 0 4 _a415
_222
245 0 0 _aMicrovariation in syntactic doubling
_h[electronic resource] /
_c[edited by] Sjef Barbiers ... [et al.].
260 _aBingley :
_bEmerald,
_c2008.
300 _axiv, 479 p. :
_bill., maps.
490 1 _aSyntax and semantics,
_x0092-4563 ;
_vv. 36
504 _aIncludes bibliographical references and index.
533 _aElectronic reproduction.
_bPalo Alto, Calif. :
_cebrary,
_d2011.
_nAvailable via World Wide Web.
_nAccess may be limited to ebrary affiliated libraries.
650 0 _aGemination.
650 0 _aGrammar, Comparative and general
_xSyntax.
655 7 _aElectronic books.
_2local
700 1 _aBarbiers, Lambertus Christiaan Jozef,
_d1959-
710 2 _aebrary, Inc.
830 0 _aSyntax and semantics ;
_vv. 36.
856 4 0 _uhttp://site.ebrary.com/lib/rucke/Doc?id=10310657
_zAn electronic book accessible through the World Wide Web; click to view
999 _c62065
_d62065